00446nam a2200133 a 450000100100000000500170001000800410002704000250006808200150009311000570010824500630016526000570022830000270028500004467620201002045539.0141216s2012 dr a 000 0 spa d aDO-SdBNPbspacBNPHU axxxxbxxxx1 aRepública Dominicana.bJurisdicción Inmobiliaria10aTasas por servicios (2012) :bjurisdicción inmobiliaria. aSanto Domingo :bJurisdicción Inmobiliaria,c2012. a11 p. :bil. ;c14 cm.